| 000 | 00452nam a2200157 a 4500 | ||
|---|---|---|---|
| 020 | _a9251014485 (pbk.) | ||
| 040 | _cDLC | ||
| 082 | 0 | 0 | _a637 FOO 1984 A043 Or. |
| 100 | 1 | _aHall, H. S. | |
| 245 | 1 | 0 | _aMaintenance systems for the dairy plant / |
| 260 |
_aRome : _bFood and Agriculture Organization of the United Nations, _c1984. |
||
| 300 |
_avii, 73 p. : _bill. ; _c30 cm. |
||
| 650 | 0 | _aDairy plants | |
| 700 | 1 | _aTuszyĆski, Wojciech. | |
| 942 | _cEK | ||
| 999 |
_c12876 _d12876 |
||